Rekristallizacija metalličeskich materialov /

Salvato in:
Dettagli Bibliografici
Natura: Libro
Lingua:russo
Pubblicazione: Moskva : Metallurgija, 1982
Tags: Aggiungi Tag
Nessun Tag, puoi essere il primo ad aggiungerne!!

MARC

LEADER 00000nam a22000003a 4500
001 stu41317
005 20141122042113.5
008 931119s1982----xxr-----------------rus-d
040 |a STU  |b slo 
041 0 |a rus 
044 |a xxr 
245 |a Rekristallizacija metalličeskich materialov /  |c Z angl. kol 
260 |a Moskva :  |b Metallurgija,  |c 1982 
300 |a 351 s 
996 |b 284M062512  |c M*7004-1  |l MMKN  |s A  |a 24  |w stu41317_0001